M21 Wygoda Skrzyżowanie (ZTM Katowice) - Statystyki

Ogólne statystyki
  • Ten quiz został rozwiązany 60 razy
  • Średni wynik to 10 z 13
Statystyki odpowiedzi
Gmina/miasto Przystanek % Poprawnych
Bytom Bytom Dworzec
100%
Ruda Śląska Godula Plac Niepodległości
92%
Mikołów Wygoda Skrzyżowanie
92%
Ruda Śląska Halemba Solidarności
85%
Ruda Śląska Wirek Ratusz
85%
Ruda Śląska Wirek Stadion
85%
Ruda Śląska Chebzie Rondo
77%
Ruda Śląska Nowy Bytom Huta Pokój
77%
Ruda Śląska Nowy Bytom Urząd Miasta
77%
Ruda Śląska Wirek Kopalnia Pokój
77%
Bytom Szombierki Kościół
69%
Ruda Śląska Wirek Odrodzenia
69%
Ruda Śląska Halemba Kościół
62%
Nie znaleziono quizów pasujących do podanych kryteriów
Rozkład punktacji
Procent ludzi z każdym wynikiem
Percentyl według liczby udzielonych odpowiedzi
Twoja historia wyników
Nie rozwiązałeś tego quizu